000
00288pam a2200133 a 4500
020
_c
041
_a
eng
082
_b
CHA
100
_a
Charnia KE .
245
_a
Aratificial Intelligence
_h
Textual Documents
260
_a
[s.l]:
_b
Addison Wesley
300
_a
701 pg .
930
_a
5054
999
_c
81970
_d
81970